| 000 | 00000nam##2200000za#4500 |
| 001 | 9.602455 |
| 003 | CaOODSP |
| 005 | 20210624210601 |
| 007 | cr ||||||||||| |
| 008 | 150406|1994||||xxc|||||o f|0| 0 fre|d |
| 040 | |aCaOODSP|bfre |
| 043 | |an-cn--- |
| 086 | 1 |aJS5-1/12-1992F-PDF |
| 110 | 1 |aCanada. |bSolliciteur général Canada. |
| 245 | 10|aProgrammes correctionnels à l'intention des Autochtones en milieu urbain au Canada : |h[ressource électronique]|bexamen d'un choix de programmes / |
| 260 | |bSolliciteur général Canada |cJuillet 1994. |
| 300 | |a134p.|bréférences, tableaux |
| 490 | 1 |aCollection sur les Autochtones|v[CA 12 APC (1994)] |
| 590 | |a11-26-Supp|b2011-11-03 |
| 710 | 2 |aThérèse Lajeunesse & Associates Ltd. |
| 775 | 08|tSelected urban Aboriginal correctional programs in Canada : |w(CaOODSP)9.571476 |
| 830 | #0|aCollection sur les autochtones ;|v[CA 12 APC (1994)]|w(CaOODSP)9.501991 |
| 856 | 40|ahttp://publications.gc.ca|qPDF|s403 Ko|uhttps://publications.gc.ca/collections/collection_2011/sp-ps/JS5-1-12-1992-fra.pdf|y[CA 12 APC (1994)] |